ELECTRONICS FOR SCIENTISTS AND ENGINEERS (Record no. 583515)

000 -LEADER
fixed length control field 00353nam a22001337a 4500
082 ## - DEWEY DECIMAL CLASSIFICATION NUMBER
Classification number 621.381 BEN'E
100 ## - MAIN ENTRY--PERSONAL NAME
Personal name BENEDICT, R. R
9 (RLIN) 78386
245 ## - TITLE STATEMENT
Title ELECTRONICS FOR SCIENTISTS AND ENGINEERS
250 ## - EDITION STATEMENT
Edition statement 2ND
260 ## - PUBLICATION, DISTRIBUTION, ETC.
Place of publication, distribution, etc. NEWJERSCY
Name of publisher, distributor, etc. PRENTICE HALL
Date of publication, distribution, etc. 1975
300 ## - PHYSICAL DESCRIPTION
Extent 605P
650 ## - SUBJECT ADDED ENTRY--TOPICAL TERM
Topical term or geographic name entry element ELECTRONICS FOR SCIENTISTS AND ENGINEERS
9 (RLIN) 78387
942 ## - ADDED ENTRY ELEMENTS (KOHA)
Koha item type Book
Holdings
Withdrawn status Lost status Damaged status Not for loan Permanent Location Current Location Shelving location Date acquired Total Checkouts Full call number Barcode Date last seen Price effective from Koha item type
        College of Electrical & Mechanical Engineering (CEME) College of Electrical & Mechanical Engineering (CEME) General Stacks 06/15/2017   621.381 BEN'E CEME-8278 06/28/2021 06/28/2021 Book
© 2023 Central Library, National University of Sciences and Technology. All Rights Reserved.